Λιμναία οδύσσεια : κείμενα και συνεντεύξεις 1966-1989
Αποθηκεύτηκε σε:
| Κύριος συγγραφέας: | |
|---|---|
| Μορφή: | Βιβλίο |
| Γλώσσα: | Greek |
| Δημοσίευση: |
[Αθήνα] :
Αγρα / Γκαλερί Bernier,
c1990
|
| Θέματα: | |
| Ετικέτες: |
Προσθήκη ετικέτας
Δεν υπάρχουν, Καταχωρήστε ετικέτα πρώτοι!
|
MARC
| LEADER | 00000cam a2200000 i 4500 | ||
|---|---|---|---|
| 001 | 1/80309 | ||
| 008 | 960827s1990 gre d | ||
| 020 | |a 960-325-026-0 | ||
| 035 | |a 1995 |b 1 |c Καμπουροπούλου |l 10033414 | ||
| 040 | |a GR-MY-UA |b gre |e aacr | ||
| 041 | 0 | |a gre | |
| 082 | 0 | |a 759.95 | |
| 100 | 1 | |a Κουνέλλης, Γιάννης, |d 1936-2017. | |
| 245 | 1 | 0 | |a Λιμναία οδύσσεια : |b κείμενα και συνεντεύξεις 1966-1989 / |c Γιάννης Κουνέλλης |
| 260 | |a [Αθήνα] : |b Αγρα / Γκαλερί Bernier, |c c1990 | ||
| 300 | |a 278 σ. |b φωτόγρ. | ||
| 600 | 1 | 0 | |a Κουνέλλης, Γιάννης, |d 1936-2017. |
| 852 | |a INST |b RHODES |e 19960827 |h 759.95 ΚΟΥ |p 005400007168 |q 005400007168 |t BK |y 0 | ||
| 970 | |z 2000/06/ΚΑΤΕΡΙΝΑ | ||